| 000 | 00578nam a22001457a 4500 | ||
|---|---|---|---|
| 082 | _a620.005 | ||
| 100 | _aSiddique, Waqas | ||
| 245 |
_aRoot Cause Analysis of Project Failure and Development of a Model to determine Critical Success Factors in Public Sector Organizations of Pakistan / _cWaqas Siddique. |
||
| 260 |
_aIslamabad : _bCEME - NUST, _c2012 |
||
| 300 |
_a102 p. : ill. ; _c30cm. |
||
| 650 |
_aEngineering Management - MS Theses. _934601 |
||
| 700 |
_aSup: Dr. Syed Athar Masood. _934612 |
||
| 942 |
_2ddc _cTHE |
||
| 999 |
_c540541 _d540541 |
||